| 000 | 004480000a22001690004500 | ||
|---|---|---|---|
| 003 | MACL | ||
| 005 | 20151227160603.0 | ||
| 008 | 151227b xxu||||| |||| 00| 0 eng d | ||
| 040 |
_aMACL _cmacl |
||
| 041 | _aEnglish | ||
| 082 | _a027.34/BUG | ||
| 100 |
_aBuchanan, Brian _923527 |
||
| 245 | _aTheory of Library Classification | ||
| 260 |
_bK G Saur Publication _c1979 _aLondon |
||
| 650 |
_aGeneral Libraries _923528 |
||
| 942 |
_cBK _k027.34/BUC _2ddc |
||
| 999 |
_c34038 _d34038 |
||